El helechal, posesión rural de los Bello.

Kaydedildi:
Detaylı Bibliyografya
Materyal Türü: Kitap
Baskı/Yayın Bilgisi: Caracas, Venezuela: La Casa de Bello, 1979.
Konular:
Etiketler: Etiketle
Etiket eklenmemiş, İlk siz ekleyin!

MARC

LEADER 00000nam a22000007a 4500
003 CL-VaPUC
005 20220822114719.0
008 220725t1979 ||||| |||| 00| 0 eng d
999 |c 437519  |d 437517 
040 |c Pontificia Universidad Católica de Valparaíso 
082 7 |a 923.787 HEL 1979  |2 22 
245 |a El helechal, posesión rural de los Bello.  
260 |a Caracas, Venezuela:  |b La Casa de Bello,   |c 1979. 
300 |a 27 páginas.  
500 |a c.1 Donación Familia Prof. Alejandro Guzmán Brito. 
583 |c 20220725  |k Cristina María Rojas Aguilar 
600 0 |a Bello, Andrés,   |9 545824  |d 1781-1865  |x Residencias   |z Venezuela   |z Caracas 
942 |2 ddc  |c BK  |n 0 
952 |0 0  |1 0  |2 ddc  |4 0  |6 923_787000000000000_HEL_1979  |7 0  |8 C_AGB  |9 585290  |a BIBDER  |b BIBDER  |d 2022-07-25  |e Donación   |i 5653326  |o 923.787 HEL 1979  |p 5653326  |r 2023-01-25  |t 1  |w 2022-07-25  |y BK_US  |k AGB